[Event "Natal Potiguar A2"]
[Site "Natal"]
[Date "2018.07.21"]
[Round "3"]
[White "Macedo, Alexandre Soares"]
[Black "Medeiros, Israel Costa Smith"]
[Result "0-1"]
[WhiteElo "1957"]
[BlackElo "2028"]
[PlyCount "42"]
[EventDate "2018.07.19"]
[EventType "tourn"]
[EventRounds "5"]
[EventCountry "BRA"]
[SourceTitle "CBM 186 Extra"]
[Source "ChessBase"]
[SourceDate "2018.08.24"]
[SourceVersion "1"]
[SourceVersionDate "2018.08.24"]
[SourceQuality "1"]

1. b4 d5 2. Bb2 f6 3. e3 e5 4. a3 Be6 5. d4 e4 6. c4 c6 7. Nd2 Bd6 8. f4 Ne7 9. Nh3 Qd7 10. Nf2 Nf5 11. Qb3 0-0 12. g3 Nh6 13. Be2 Na6 14. h3 Nc7 15. c5 Be7 16. g4 Rfb8 17. a4 b6 18. Qc3 a5 19. bxa5 bxc5 20. dxc5 Bxc5 21. Nb3 Bb4 0-1

[Event "BRA-ch Universities"]
[Site "Vitoria"]
[Date "2018.06.08"]
[Round "5"]
[White "Carstens Dobuchak, Thiago"]
[Black "Medeiros, Israel Costa Smith"]
[Result "1-0"]
[WhiteElo "2111"]
[BlackElo "2022"]
[PlyCount "57"]
[EventDate "2018.06.06"]
[EventType "swiss"]
[EventRounds "7"]
[EventCountry "BRA"]
[SourceTitle "EXT 2019"]
[Source "ChessBase"]
[SourceDate "2018.10.10"]
[SourceVersion "1"]
[SourceVersionDate "2018.10.10"]
[SourceQuality "1"]

1. d4 Nf6 2. c4 g6 3. Nc3 Bg7 4. e4 d6 5. h3 0-0 6. Be3 e5 7. d5 a5 8. g4 Nfd7 9. Nge2 Nc5 10. Ng3 Qh4 11. Qd2 h6 12. Be2 Nbd7 13. 0-0-0 Kh7 14. Rdg1 Bf6 15. Nf1 Bg5 16. Bxg5 Qxg5 17. Ne3 Qe7 18. h4 Nf6 19. Bf3 Kg7 20. g5 hxg5 21. hxg5 Nh7 22. Bg4 Bxg4 23. Rxg4 Rh8 24. Nf5+ gxf5 25. exf5 Qd7 26. g6 Nf6 27. gxf7+ Kxf7 28. Rg7+ Kf8 29. Rxh8+ 1-0

[Event "BRA-ch sf Reg2 83rd"]
[Site "Natal"]
[Date "2016.11.13"]
[Round "4"]
[White "Medeiros, Israel Costa Smith"]
[Black "Pereira Fo, Hildebrando Apolon"]
[Result "1-0"]
[WhiteElo "2055"]
[BlackElo "1755"]
[PlyCount "49"]
[EventDate "2016.11.12"]
[EventType "swiss"]
[EventRounds "7"]
[EventCountry "BRA"]
[SourceTitle "EXT 2018"]
[Source "ChessBase"]
[SourceDate "2017.10.13"]
[SourceVersion "1"]
[SourceVersionDate "2017.10.13"]
[SourceQuality "1"]

1. e4 e5 2. Nf3 d6 3. d4 exd4 4. Nxd4 Nf6 5. Nc3 Be7 6. Bc4 Bd7 7. 0-0 0-0 8. f4 Nc6 9. Kh1 a6 10. a4 Bg4 11. Nf3 Be6 12. Be2 Re8 13. f5 Bd7 14. Bc4 Ne5 15. Nxe5 dxe5 16. Qf3 c6 17. a5 Qc7 18. g4 h6 19. h4 Nh7 20. g5 hxg5 21. hxg5 Nxg5 22. Qh5 Be6 23. fxe6 f6 24. Bxg5 Rf8 25. Rf3 1-0

[Event "BRA-ch U26"]
[Site "Cuiaba"]
[Date "2016.11.06"]
[Round "6"]
[White "Santos, Aldair Batista"]
[Black "Medeiros, Israel Costa Smith"]
[Result "0-1"]
[WhiteElo "1863"]
[BlackElo "2055"]
[PlyCount "56"]
[EventDate "2016.11.03"]
[EventType "swiss"]
[EventRounds "7"]
[EventCountry "BRA"]
[SourceTitle "CBM 175 Extra"]
[Source "ChessBase"]
[SourceDate "2016.12.12"]
[SourceVersion "1"]
[SourceVersionDate "2016.12.12"]
[SourceQuality "1"]

1. e4 g6 2. d4 Bg7 3. Nf3 d6 4. Be2 Nd7 5. c3 Ngf6 6. Qc2 0-0 7. Bf4 a6 8. Nbd2 b5 9. a4 Rb8 10. axb5 axb5 11. 0-0 c5 12. b4 c4 13. Ra5 Nh5 14. Be3 e5 15. Ng5 Nf4 16. Bxf4 exf4 17. Nh3 g5 18. Bg4 Rb6 19. Bf5 h5 20. Nf3 Bh6 21. e5 g4 22. Be6 Kg7 23. Bxf7 Rxf7 24. e6 Nf8 25. exf7 gxf3 26. Ra8 Qh4 27. Rxc8 Qg4 28. Nxf4 Bxf4 0-1

[Event "Natal-ch"]
[Site "Natal"]
[Date "2016.02.07"]
[Round "4"]
[White "Medeiros, Israel Costa Smith"]
[Black "Queiroz, Matheus Erick Silva"]
[Result "0-1"]
[WhiteElo "2101"]
[BlackElo "1925"]
[PlyCount "54"]
[EventDate "2016.02.06"]
[EventType "swiss"]
[EventRounds "6"]
[EventCountry "BRA"]
[SourceTitle "CBM 171 Extra"]
[Source "ChessBase"]
[SourceDate "2016.04.26"]
[SourceVersion "1"]
[SourceVersionDate "2016.04.26"]
[SourceQuality "1"]

1. e4 c5 2. Nf3 d6 3. d4 cxd4 4. Nxd4 Nf6 5. Nc3 a6 6. Be2 e5 7. Nb3 Be6 8. g4 h6 9. h4 Be7 10. Rg1 Nh7 11. h5 Bg5 12. Bxg5 Nxg5 13. Rg3 Nc6 14. Rd3 Bxb3 15. Rxd6 Qe7 16. axb3 Nd4 17. Rd5 Qf6 18. Qd3 0-0 19. Rd7 Nxe2 20. Kxe2 Ne6 21. Nd5 Qg5 22. Qg3 Nc5 23. Re7 Nxe4 24. Qxe5 Qxg4+ 25. f3 Qg2+ 26. Ke3 Qd2+ 27. Kxe4 f5+ 0-1

[Event "Natal-ch"]
[Site "Natal"]
[Date "2016.02.06"]
[Round "1"]
[White "Marinho, Cinthya de Souza"]
[Black "Medeiros, Israel Costa Smith"]
[Result "0-1"]
[WhiteElo "1562"]
[BlackElo "2101"]
[PlyCount "44"]
[EventDate "2016.02.06"]
[EventType "swiss"]
[EventRounds "6"]
[EventCountry "BRA"]
[SourceTitle "CBM 171 Extra"]
[Source "ChessBase"]
[SourceDate "2016.04.26"]
[SourceVersion "1"]
[SourceVersionDate "2016.04.26"]
[SourceQuality "1"]

1. d4 Nf6 2. c4 g6 3. Nf3 Bg7 4. e3 0-0 5. Nc3 d6 6. Bd3 Nbd7 7. 0-0 b6 8. Qc2 Bb7 9. Nd2 e5 10. dxe5 Nxe5 11. Be2 Re8 12. b3 d5 13. f4 Neg4 14. Nf3 Nxe3 15. Bxe3 Rxe3 16. Rad1 Qe7 17. Rfe1 Qc5 18. Kh1 Rxc3 19. Qxc3 Ne4 20. Qc2 Nf2+ 21. Kg1 Nh3+ 22. Kh1 Qg1+ 0-1

[Event "Potiguar-ch"]
[Site "Macaiba"]
[Date "2015.12.12"]
[Round "1.3"]
[White "Medeiros, Israel Costa Smith"]
[Black "De Menezes, Ricardo Fagner Dias"]
[Result "1-0"]
[WhiteElo "2093"]
[BlackElo "1580"]
[PlyCount "81"]
[EventDate "2015.12.12"]
[EventType "swiss"]
[EventRounds "5"]
[EventCountry "BRA"]
[SourceTitle "EXT 2022"]
[Source "ChessBase"]
[SourceDate "2021.10.06"]
[SourceVersion "1"]
[SourceVersionDate "2021.10.06"]
[SourceQuality "1"]

1. e4 e6 2. d4 d5 3. Nc3 Nf6 4. Bg5 Be7 5. e5 Nfd7 6. Bxe7 Qxe7 7. Qg4 f5 8. Qh5+ Qf7 9. Qg5 h6 10. Qd2 a6 11. 0-0-0 c5 12. dxc5 Nc6 13. f4 0-0 14. Na4 Qe7 15. Qf2 Qd8 16. Nf3 Qa5 17. b3 Qb4 18. Qd2 Qa3+ 19. Kb1 Nxc5 20. Nxc5 Qxc5 21. Nd4 Qb6 22. Rg1 Nxd4 23. Qxd4 Qxd4 24. Rxd4 Rd8 25. c4 b6 26. Be2 Bb7 27. Rgd1 Rd7 28. Bf3 Rad8 29. g4 g6 30. Kb2 Kf7 31. gxf5 gxf5 32. cxd5 Bxd5 33. Bxd5 Rxd5 34. Rxd5 Rxd5 35. Rxd5 exd5 36. Kc3 Ke6 37. Kd4 h5 38. b4 h4 39. h3 a5 40. bxa5 bxa5 41. a4 1-0

[Event "Natal Academia Potiguar 16th"]
[Site "Natal"]
[Date "2015.11.14"]
[Round "3.4"]
[White "Medeiros, Israel Costa Smith"]
[Black "Hiramine, Ricardo Hiroshi Fer"]
[Result "1-0"]
[WhiteElo "2047"]
[BlackElo "1975"]
[PlyCount "131"]
[EventDate "2015.11.13"]
[EventType "tourn"]
[EventRounds "9"]
[EventCountry "BRA"]
[SourceTitle "EXT 2022"]
[Source "ChessBase"]
[SourceDate "2021.10.06"]
[SourceVersion "1"]
[SourceVersionDate "2021.10.06"]
[SourceQuality "1"]

1. e4 e5 2. Nf3 Nc6 3. Bb5 a6 4. Ba4 Nf6 5. 0-0 d6 6. Re1 b5 7. Bb3 Be7 8. c3 0-0 9. h3 Nb8 10. d4 Nbd7 11. Nbd2 Bb7 12. Bc2 Re8 13. Nf1 Bf8 14. Ng3 g6 15. a4 c5 16. d5 Nb6 17. b3 bxa4 18. bxa4 a5 19. Nh2 Nbd7 20. Ng4 Nxg4 21. Qxg4 Nf6 22. Qf3 Nd7 23. Nf1 Bg7 24. Ne3 Ba6 25. Ng4 f6 26. Ne3 Rb8 27. h4 Rf8 28. h5 Rf7 29. Qg4 Nf8 30. Ra3 Bc8 31. Qf3 Bh6 32. Bd3 Bxe3 33. Qxe3 Bd7 34. Qg3 g5 35. Qf3 h6 36. Qe2 Qe8 37. Be3 Bxa4 38. Rea1 Bb5 39. c4 Ba6 40. Rxa5 Bc8 41. Bc2 Rfb7 42. g4 Bd7 43. f3 Rb2 44. Bc1 R2b4 45. Bd2 Rb2 46. Bc3 R2b7 47. Ra6 Qe7 48. Qd1 Bc8 49. R6a5 Nd7 50. Ba4 Nb6 51. Bc6 Rc7 52. Rb5 Bd7 53. Rab1 Bxc6 54. dxc6 Rxc6 55. Ba5 Qa7 56. Qb3 Ra8 57. Rxb6 Rxb6 58. Bxb6 Qa3 59. Bc7 Qa6 60. Qd3 Rc8 61. Qd5+ Kg7 62. Bxd6 Ra8 63. Qb7+ Kg8 64. Qxa6 Rxa6 65. Bxc5 Rc6 66. Rb5 1-0

[Event "BRA-ch U26"]
[Site "Uberlandia"]
[Date "2015.10.18"]
[Round "6"]
[White "Caetano, Hugo Zanotti Mendon"]
[Black "Medeiros, Israel Costa Smith"]
[Result "1-0"]
[WhiteElo "2212"]
[BlackElo "1955"]
[PlyCount "77"]
[EventDate "2015.10.15"]
[EventType "swiss"]
[EventRounds "7"]
[EventCountry "BRA"]
[SourceTitle "CBM 168 Extra"]
[Source "ChessBase"]
[SourceDate "2015.10.29"]
[SourceVersion "1"]
[SourceVersionDate "2015.10.29"]
[SourceQuality "1"]

1. d4 Nf6 2. c4 c5 3. e3 g6 4. Nc3 Bg7 5. Nf3 0-0 6. Be2 cxd4 7. exd4 d5 8. c5 Ne4 9. 0-0 Nxc3 10. bxc3 Nc6 11. Bf4 Bg4 12. Re1 Qd7 13. h3 Bxf3 14. Bxf3 Na5 15. Rb1 Rfe8 16. a4 f6 17. Rb5 Qd8 18. Bg3 e6 19. Bg4 f5 20. Bf3 b6 21. cxb6 axb6 22. Be2 Rc8 23. Qd2 Rc6 24. Reb1 g5 25. Be5 Bxe5 26. dxe5 h6 27. h4 Kg7 28. Qe3 f4 29. Qd3 Rg8 30. Qd4 Qc7 31. Rxb6 Rxc3 32. Rxe6 Rc8 33. Ra6 Rc1+ 34. Rxc1 Qxc1+ 35. Kh2 Qc5 36. Qxc5 Rxc5 37. Ra7+ Kf8 38. e6 Nc6 39. Rc7 1-0

[Event "BRA-ch U26"]
[Site "Uberlandia"]
[Date "2015.10.18"]
[Round "7"]
[White "Medeiros, Israel Costa Smith"]
[Black "Lucci, Bruno Wendorff"]
[Result "1/2-1/2"]
[WhiteElo "1955"]
[BlackElo "1885"]
[PlyCount "81"]
[EventDate "2015.10.15"]
[EventType "swiss"]
[EventRounds "7"]
[EventCountry "BRA"]
[SourceTitle "CBM 168 Extra"]
[Source "ChessBase"]
[SourceDate "2015.10.29"]
[SourceVersion "1"]
[SourceVersionDate "2015.10.29"]
[SourceQuality "1"]

1. e4 d5 2. e5 d4 3. Bc4 c5 4. f4 e6 5. Nf3 Nc6 6. 0-0 b6 7. d3 Bb7 8. Ng5 g6 9. f5 Nxe5 10. fxe6 f6 11. Nf7 Qc7 12. Bb5+ Ke7 13. Nxh8 Kxe6 14. Bf4 Bd6 15. Qe2 Ne7 16. Bc4+ Nd5 17. Nxg6 hxg6 18. Nd2 Kd7 19. Bxd5 Bxd5 20. Ne4 Be7 21. Rae1 Re8 22. Bg3 Qc6 23. Rxf6 Bxf6 24. Nxf6+ Qxf6 25. Bxe5 Qg5 26. g3 Qf5 27. g4 Qe6 28. h3 Bc6 29. Qh2 Kc8 30. Bg3 Qf7 31. Rxe8+ Qxe8 32. Qf2 Kb7 33. b3 Qe6 34. Bf4 Qd5 35. Kh2 g5 36. Bd2 Qe5+ 37. Kg1 Qd5 38. Qf1 Qh1+ 39. Kf2 Qf3+ 40. Ke1 Qg3+ 41. Qf2 1/2-1/2

[Event "BRA-ch U26"]
[Site "Uberlandia"]
[Date "2015.10.16"]
[Round "3"]
[White "Rocha, Vitor Firmo de Souz"]
[Black "Medeiros, Israel Costa Smith"]
[Result "1/2-1/2"]
[WhiteElo "2133"]
[BlackElo "1955"]
[PlyCount "145"]
[EventDate "2015.10.15"]
[EventType "swiss"]
[EventRounds "7"]
[EventCountry "BRA"]
[SourceTitle "CBM 168 Extra"]
[Source "ChessBase"]
[SourceDate "2015.10.29"]
[SourceVersion "1"]
[SourceVersionDate "2015.10.29"]
[SourceQuality "1"]

1. e4 c5 2. Nf3 Nc6 3. d4 cxd4 4. Nxd4 Nf6 5. Nc3 d6 6. Bg5 e6 7. f4 Be7 8. Nb3 a6 9. Qf3 Qc7 10. 0-0-0 Bd7 11. g4 h6 12. Bxf6 Bxf6 13. h4 Be7 14. Bg2 Rc8 15. Kb1 b5 16. Rd2 b4 17. Ne2 a5 18. e5 d5 19. Nbd4 Nxd4 20. Nxd4 a4 21. h5 a3 22. b3 0-0 23. Rc1 Qc3 24. Qxc3 Rxc3 25. Rd3 Rfc8 26. Rcd1 Bh4 27. Rxc3 Rxc3 28. Rd3 Be1 29. Kc1 Rxd3 30. cxd3 Bc3 31. Ne2 Bb2+ 32. Kd2 Ba4 33. Kc2 Bb5 34. Kd2 Kf8 35. Bf1 f6 36. exf6 gxf6 37. Bg2 Bc6 38. Ng3 Ke7 39. Bf3 Kd6 40. Bd1 Bc3+ 41. Ke2 Kc5 42. Bc2 Bb5 43. Kf3 Bd2 44. Ne2 Kd6 45. Ng3 Kc5 46. Ne2 Ba6 47. Bb1 Kd6 48. Ng3 Bc3 49. Bc2 Bc8 50. Ne2 Bb2 51. Ke3 e5 52. f5 Ba6 53. Kf3 Kc5 54. Bb1 Bb7 55. Kf2 Bc6 56. Bc2 Kd6 57. Kf3 Bc3 58. Ke3 Be1 59. d4 Bh4 60. Bd3 Bg5+ 61. Kf2 e4 62. Bb1 Bb5 63. Bc2 Bd2 64. Bb1 Bg5 65. Bc2 Bd2 66. Bb1 Bg5 67. Bc2 Bh4+ 68. Ke3 Bxe2 69. Kxe2 Bg3 70. Bb1 Bh2 71. Kf2 Bf4 72. Ke2 Bc1 73. Bc2 1/2-1/2

[Event "Natal Academia Potiguar 14th"]
[Site "Natal"]
[Date "2015.10.08"]
[Round "9.4"]
[White "Medeiros, Israel Costa Smith"]
[Black "Gomes, Jose Murilo"]
[Result "1/2-1/2"]
[WhiteElo "1955"]
[BlackElo "1891"]
[PlyCount "21"]
[EventDate "2015.10.02"]
[EventType "tourn"]
[EventRounds "9"]
[EventCountry "BRA"]
[SourceTitle "EXT 2022"]
[Source "ChessBase"]
[SourceDate "2021.10.06"]
[SourceVersion "1"]
[SourceVersionDate "2021.10.06"]
[SourceQuality "1"]

1. e4 e5 2. Nf3 Nf6 3. Nc3 Nc6 4. Bc4 Bc5 5. 0-0 0-0 6. d3 d6 7. h3 h6 8. Nd5 Nd4 9. Nxf6+ Qxf6 10. Nxd4 Bxd4 11. Kh1 1/2-1/2

[Event "Natal Academia Potiguar 14th"]
[Site "Natal"]
[Date "2015.10.05"]
[Round "6.1"]
[White "Viana, Helio Fernandes"]
[Black "Medeiros, Israel Costa Smith"]
[Result "0-1"]
[WhiteElo "1934"]
[BlackElo "1955"]
[PlyCount "66"]
[EventDate "2015.10.02"]
[EventType "tourn"]
[EventRounds "9"]
[EventCountry "BRA"]
[SourceTitle "EXT 2022"]
[Source "ChessBase"]
[SourceDate "2021.10.06"]
[SourceVersion "1"]
[SourceVersionDate "2021.10.06"]
[SourceQuality "1"]

1. e4 c5 2. Nc3 e6 3. Bc4 Nc6 4. a3 Nf6 5. d3 d5 6. exd5 exd5 7. Ba2 d4 8. Nb1 Be7 9. Ne2 0-0 10. Bf4 Nd5 11. Nd2 Nxf4 12. Nxf4 Bg5 13. Qf3 Qd6 14. Ne2 Ne5 15. Qg3 Bxd2+ 16. Kxd2 b5 17. Rae1 Re8 18. h3 Bd7 19. Qf4 Bc6 20. Kc1 Bxg2 21. Rhg1 Bd5 22. Bxd5 Qxd5 23. Qg5 g6 24. f4 f6 25. Qxf6 Nf3 26. Rxg6+ hxg6 27. Qxg6+ Kf8 28. Qg2 Re3 29. Rg1 Rxe2 30. Qg7+ Ke8 31. Qh8+ Kd7 32. Rg7+ Re7 33. Rxe7+ Kxe7 0-1

[Event "Potiguar-ch sf"]
[Site "Natal"]
[Date "2015.09.04"]
[Round "1.9"]
[White "Silva, Manoela de Lyra"]
[Black "Medeiros, Israel Costa Smith"]
[Result "0-1"]
[WhiteElo "1449"]
[BlackElo "1962"]
[PlyCount "66"]
[EventDate "2015.09.04"]
[EventType "swiss"]
[EventRounds "7"]
[EventCountry "BRA"]
[SourceTitle "EXT 2022"]
[Source "ChessBase"]
[SourceDate "2021.10.06"]
[SourceVersion "1"]
[SourceVersionDate "2021.10.06"]
[SourceQuality "1"]

1. e4 c5 2. d3 Nc6 3. Nf3 Nf6 4. Nc3 d5 5. e5 Ng8 6. Be2 Bg4 7. 0-0 e6 8. Bg5 f6 9. exf6 gxf6 10. Bh4 Qd7 11. Bg3 0-0-0 12. a3 e5 13. d4 e4 14. Ne1 Bxe2 15. Qxe2 cxd4 16. Nb5 a6 17. Nc7 Bd6 18. Nxd5 Kb8 19. Qxe4 Bxg3 20. fxg3 Qxd5 21. Qf4+ Qe5 22. Qxe5+ fxe5 23. Nd3 e4 24. Nc5 Re8 25. Rae1 e3 26. Re2 b6 27. Nxa6+ Kb7 28. Nb4 Nxb4 29. axb4 Kc6 30. c4 d3 31. b5+ Kc5 32. Rf5+ Kxc4 33. Rf4+ Kb3 0-1